<?xml version="1.0" encoding="UTF-8"?>
<collection xmlns="http://www.loc.gov/MARC21/slim">
 <record>
  <leader>00871pamaa2200193   4500</leader>
  <controlfield tag="001">0000041880</controlfield>
  <controlfield tag="005">20070425090000.0</controlfield>
  <controlfield tag="008">070425                             eng  </controlfield>
  <datafield tag="020" ind1="0" ind2="0">
   <subfield code="a">0443042233 </subfield>
  </datafield>
  <datafield tag="090" ind1="0" ind2="0">
   <subfield code="a">RM184 </subfield>
   <subfield code="b">CHI 1993</subfield>
  </datafield>
  <datafield tag="245" ind1="1" ind2="1">
   <subfield code="a">CHINESE acupuncture and moxibustion  </subfield>
   <subfield code="c">managing editor Qiu Mao-Liang; </subfield>
   <subfield code="f">vice managing editor Zang Shan-chen; </subfield>
   <subfield code="f">vice managing editor Zang Shan-chen; </subfield>
   <subfield code="f">managing translator Li Liang-yu; </subfield>
   <subfield code="f">vice managing editor Zang Shan-chen; </subfield>
   <subfield code="f">managing translator Li Liang-yu; </subfield>
   <subfield code="f">consultant language editor and subject advisor Richard Bertschinger.</subfield>
  </datafield>
  <datafield tag="260" ind1="0" ind2="0">
   <subfield code="a">Edinburgh ; New York: </subfield>
   <subfield code="b">Churchill Livingstone, </subfield>
   <subfield code="c">1993.</subfield>
  </datafield>
  <datafield tag="300" ind1=" " ind2=" ">
   <subfield code="a">x, 430 p.: </subfield>
   <subfield code="b">ill.; </subfield>
   <subfield code="c">26 cm.</subfield>
  </datafield>
  <datafield tag="504" ind1="0" ind2="0">
   <subfield code="a">Includes bibliographical references (p. 420) and indexes</subfield>
  </datafield>
  <datafield tag="650" ind1="0" ind2="0">
   <subfield code="a">Acupuncture </subfield>
  </datafield>
  <datafield tag="650" ind1="0" ind2="0">
   <subfield code="a">Moxa </subfield>
  </datafield>
  <datafield tag="650" ind1="0" ind2="0">
   <subfield code="a">Moxibustion </subfield>
  </datafield>
  <datafield tag="700" ind1="1" ind2="1">
   <subfield code="a">Chiu, </subfield>
   <subfield code="h">Mao-liang </subfield>
  </datafield>
  <datafield tag="700" ind1="1" ind2="1">
   <subfield code="a">Li, </subfield>
   <subfield code="h">Liang-Yu </subfield>
  </datafield>
 </record>
</collection>
